000 00382nam a2200145Ia 4500
008 230917s9999||||xx |||||||||||||| ||und||
040 _e9992
_aMAIN
041 _aEnglish
082 _a519.5 W848I
100 _aWonnacott, Thomas H
245 0 _aIntroductory statistics for bussiness and economics
260 _aNew York
_bJohn Wiley
_c1972
300 _axv, 622 p.
942 _cBK
999 _c171402
_d171402